000 00429nam a22001577a 4500
005 20251108164028.0
008 250721s1985 xx 000 0 ara d
082 1 4 _a150/رحل
245 1 0 _aرحلة داخل النفس البشرية /
264 1 _aالقاهرة :
_bدار الهلال،
_c1985.
300 _a162ص
490 0 _aالكتاب الطبي
650 1 7 _aعلم النفس
942 _2ddc
_cBK
999 _c1811
_d1811